[Event "FRA-ch Veterans"]
[Site "Belfort"]
[Date "2010.??.??"]
[Round "4"]
[White "Brongers, Henk"]
[Black "Rodriguez, Jean Pierre"]
[Result "1-0"]
[WhiteElo "2062"]
[BlackElo "1910"]
[PlyCount "107"]
[EventDate "2010.08.10"]
[EventType "swiss"]
[EventRounds "11"]
[EventCountry "FRA"]
[SourceTitle "CBM 138 Extra"]
[Source "ChessBase"]
[SourceDate "2010.10.29"]
[SourceVersion "1"]
[SourceVersionDate "2010.10.29"]
[SourceQuality "1"]

1. e4 c6 2. d4 d5 3. exd5 cxd5 4. Bd3 Nc6 5. c3 g6 6. Bf4 Bg7 7. h3 Nf6 8. Nf3 0-0 9. 0-0 a6 10. Nbd2 b5 11. Ne5 Bb7 12. Ndf3 Rc8 13. Nxc6 Bxc6 14. Ne5 Bb7 15. a4 b4 16. Qb3 a5 17. cxb4 Qb6 18. Nf3 Nh5 19. Bd2 axb4 20. Qxb4 Qxb4 21. Bxb4 Bf6 22. Rfc1 Nf4 23. Bf1 Ne6 24. Bc3 Rc7 25. Re1 Rfc8 26. Ra3 Kf8 27. g3 h6 28. h4 Ke8 29. Ne5 Bxe5 30. Rxe5 Nd8 31. a5 Bc6 32. Bb4 e6 33. Bd6 Rd7 34. Bc5 Nb7 35. a6 Nd6 36. Bxd6 Rxd6 37. Ree3 Ba8 38. Rab3 Kd8 39. Re1 Rdc6 40. Kg2 Kc7 41. Ra1 Rb8 42. Rxb8 Kxb8 43. Ra5 Ka7 44. Rc5 Kb6 45. b4 Rc7 46. Bd3 Rc6 47. Kf3 Rc7 48. Kf4 Bc6 49. Ke5 h5 50. b5 Be8 51. Rxc7 Kxc7 52. Kf6 Kb6 53. Ke7 Bxb5 54. Bxb5 1-0

[Event "FRA-ch Veterans"]
[Site "Belfort"]
[Date "2010.??.??"]
[Round "3"]
[White "Pinchon, Henri"]
[Black "Brongers, Henk"]
[Result "1/2-1/2"]
[WhiteElo "1901"]
[BlackElo "2062"]
[PlyCount "159"]
[EventDate "2010.08.10"]
[EventType "swiss"]
[EventRounds "11"]
[EventCountry "FRA"]
[SourceTitle "CBM 138 Extra"]
[Source "ChessBase"]
[SourceDate "2010.10.29"]
[SourceVersion "1"]
[SourceVersionDate "2010.10.29"]
[SourceQuality "1"]

1. e4 c6 2. d4 d5 3. exd5 cxd5 4. Nf3 Nc6 5. c3 Bf5 6. Bd3 Bxd3 7. Qxd3 Nf6 8. 0-0 e6 9. Re1 Bd6 10. Nbd2 Qc7 11. Nf1 a6 12. Qe2 0-0 13. h3 b5 14. a3 Na5 15. N1d2 Rab8 16. Ne5 Nc4 17. Rb1 Nxd2 18. Bxd2 Ne4 19. Rbd1 a5 20. f3 Nxd2 21. Rxd2 Bxe5 22. Qxe5 Qxe5 23. Rxe5 Rfc8 24. Ree2 Kf8 25. Kf2 Rc4 26. f4 b4 27. axb4 axb4 28. cxb4 Rbxb4 29. Ke3 h5 30. g4 h4 31. g5 Rb3+ 32. Rd3 Rcb4 33. Red2 Rxb2 34. Rxb2 Rxb2 35. Kf3 f5 36. gxf6 g6 37. Kg4 Kf7 38. Kxh4 Kxf6 39. Kg4 Rg2+ 40. Kf3 Rg1 41. Kf2 Rh1 42. Kg2 Re1 43. Kf3 Kf5 44. Re3 Rf1+ 45. Kg3 Rd1 46. Re5+ Kf6 47. h4 Rxd4 48. h5 gxh5 49. Rxh5 Rd3+ 50. Kf2 d4 51. Ra5 Re3 52. Rb5 Rh3 53. Ke2 d3+ 54. Kd2 Rf3 55. Ra5 Rxf4 56. Kxd3 Rf5 57. Ra8 Rb5 58. Rh8 Rb3+ 59. Ke4 Rb4+ 60. Ke3 Ke5 61. Rh5+ Kd6 62. Rh8 Kd5 63. Rd8+ Ke5 64. Rh8 Rb3+ 65. Ke2 Kd5 66. Rh7 e5 67. Rh8 Kd4 68. Kd2 Rb2+ 69. Ke1 e4 70. Rh3 Ke5 71. Ra3 Kf4 72. Rc3 Kg4 73. Ra3 Rh2 74. Rb3 Rh5 75. Ke2 Kf4 76. Ke1 Ra5 77. Rc3 e3 78. Rc8 Ra4 79. Ke2 Ra2+ 80. Ke1 1/2-1/2

[Event "Hyeres"]
[Site "Hyeres"]
[Date "2009.03.02"]
[Round "5"]
[White "Villegas, Pierre"]
[Black "Brongers, Henk"]
[Result "1-0"]
[WhiteElo "2146"]
[BlackElo "2135"]
[PlyCount "71"]
[EventDate "2009.02.28"]
[EventType "tourn"]
[EventRounds "7"]
[EventCountry "FRA"]
[SourceTitle "EXT 2010"]
[Source "ChessBase"]
[SourceDate "2010.11.25"]
[SourceVersion "1"]
[SourceVersionDate "2010.11.25"]
[SourceQuality "1"]

1. d4 Nf6 2. c4 g6 3. Nc3 Bg7 4. e4 d6 5. f3 0-0 6. Nge2 c5 7. d5 e6 8. Ng3 exd5 9. cxd5 a6 10. a4 h5 11. Bg5 Qa5 12. Qd2 b5 13. Be2 b4 14. Nd1 Nh7 15. Bh6 Qd8 16. Bxg7 Kxg7 17. 0-0 h4 18. Nh1 Nd7 19. Nhf2 f5 20. exf5 gxf5 21. f4 Nhf6 22. Ne3 Ne4 23. Nxf5+ Rxf5 24. Nxe4 Nf6 25. Nxf6 Qxf6 26. Bg4 Bb7 27. Bxf5 Qxf5 28. Rfe1 Bxd5 29. Qe3 Bf7 30. Qf2 Rh8 31. h3 Rh6 32. Rad1 Kf8 33. Rd2 c4 34. Qb6 Qxf4 35. Rf2 Qg5 36. Ref1 1-0